000 00900nam a22002657a 4500
003 DO-SdBNP
005 20250730115607.0
007 ta
008 210615e2017 dr ||||er|||| 001 pdspa d
020 _a9789945168648
040 _aDO-SdBNP
_bspa
_cBNPHU
082 4 _222
_bL431e
100 1 _925417
_aLazala Calderón, Bélgica Argentina,
_d1949-
245 1 0 _aEntre dos generaciones /
_cBélgica A. Lazala Calderón, Dannis Jhoel,Fabián Lazala; prólogo, Mirian José
260 _aSanto Domingo :
_bBúho,
_c2017
300 _a71 p. ;
_c21 cm.
500 _aIncluye datos biográficos de los autores en las solapa de las cubiertas.
590 _aInventariado, 2021/MF
650 0 _aLiteratura dominicana.
_967
_xPoesía
650 _966
_aPoesía dominicana
700 1 _aDannis Jhoel, Fabián Lazala
_978858
700 1 _aJosé, Mirian
_epról
_983085
910 _aMFeliz
942 _2ddc
_cLBS1
999 _c49926
_d49926